000 00538nam a22001931a 4500
001 3910
003 OSt
005 20260204211908.0
008 050509s1989||||dr ||||||b||||||||||spa||
050 _aRD 972.38 B592s
082 _aRD 972.38 B592s
100 _aBlanchard, Lulio A.
245 _aSan Antonio de Guerra: anotaciones históricas / Lulio A. Blanchard
264 _aSanto Domingo : Amigo del Hogar
300 _a243 p
650 _a1.Historia - Provincias Orientales
700 _aBlanchard, Teódulo A.Ì
942 _2ddc
_cBK
999 _c3910
_d3910